000
00229nam a22000857a 4500
008
160712b xxu||||| |||| 00| 0 eng d
100
_9
2619
_a
Dreamland
245
_a
The Brave Tin Soldier
260
_a
New Delhi
_b
Dreamland Publication
999
_c
2274
_d
2274